000 01126nac a22003257a 4500
001 BR8108565
003 BR-BrBNA
005 20240105115153.0
008 230509b bl.|||m| |||| 00| 0 por d
040 _aBR-BrBNA
_bpor
_cBiblioteca Nacional de Agricultura
072 _aF25
090 _a0120 BR8108565
100 1 _aNunes, M.R.
100 1 _aMelo, M.A. da R.
100 1 _aMachado, S.C.
100 1 _aNeiva, L.C. da S.
110 1 _aEmpresa Goiana de Pesquisa Agropecuaria, Goiania, GO (Brasil)
245 1 _aEfeito do fosfato de Catalao, complementado com superfosfato triplo, no rendimento da cultura do milho (Zea mays, L.)em dois solos do estado de Goias [Brasil]
260 3 _aGoiania, GO (Brasil):
_c1981.
300 _a11 p.
490 _aComunicado Tecnico-Cientifico - Empresa Goiana de Pesquisa Agropecuaria (Brazil)
_vv. 2(7)
_xISSN 0100-7114
500 _a6 illus.; 12 ref.; Summary (Pt)
650 _aMILHO
650 _aSUPERFOSFATO TRIPLO
650 _aFOSFATO
650 _aRENDIMENTO
650 _aGOIAS
909 _a202312
_bLúcia Elande
_c55
_dLúcia Elande
942 _2AGRIS
_n0
_cMS
999 _c273457
_d273457